000 00750nas a2200241 4500
001 BR8201948
003 BR-BrBNA
005 20231205085125.0
007 ta
008 230509b bl.|||p| |||| 00| 00por d
040 _aBR-BrBNA
_bpor
_cBiblioteca Nacional de Agricultura
041 _a(Pt)
072 _aL00
100 1 _aBeck, S.L.
245 1 _aO padrao atual do crioulo e os seus grandes feitos em todo o mundo [Cavalo; Equus caballus; Rio Grande do Sul; Brasil]
650 _aCAVALO
650 _aCRIACAO
650 _aMANEJO
650 _aRIO GRANDE DO SUL
773 0 _tRevista dos Criadores (Brazil)
_xISSN 0034-9259
_g(Apr 1982), v. 51(627) p. 72-74
_wBR8201948
909 _a202311
_bLúcia
_c55
_dLúcia Elande
942 _2AGRIS
_n0
_cANA
999 _c109375
_d109375